000 00907nam a2200265Ia 4500
003 OSt
005 20221005105416.0
006 a|||||r|||| 00| 0
007 ta
008 221004b |||||||| |||| 00| 0 hin d
020 _a8123711808
024 _a79399
037 _cTextual
040 _aCRL
_cCRL
_bhin
041 _2hin
_ahin
082 _aV2:51y7M95, 152N5
100 _aदेशपांडे, निर्मला
245 0 _aविनोबा, अनु0 शंकर गोपाल नेने
246 _aVinobā, anu0 shankar gopāl nene
260 _aनई दिल्ली
_bनेशनल बुक ट्रस्ट भारत
_c1995
300 _a131पृ0
_ccm.
650 _aविश्व-इतिहास
942 _hV2:51y7M95, 152N5
_cTEXL
_2cc
999 _c1015731
_d1015731